000 00651nam a2200241Ia 4500
003 OSt
005 20221005083118.0
006 a|||||r|||| 00| 0
007 ta
008 221004b |||||||| |||| 00| 0 eng d
024 _a71545
037 _cTextual
040 _aCRL
_cCRL
_beng
041 _2eng
_aeng
082 _aY41g, N5
100 _aGhose Jayanti
_9612371
245 0 _aCarrer guide
_b The complete manual on how to choose your profession
260 _aNew Delhi
_bUBS pub India
_c1995
300 _ax, 252p
_ccm.
650 _aSOCIOLOGY
942 _hY41g, N5
_cTEXL
_2cc
999 _c990354
_d990354